| 000 | 00444nam a2200157Ia 4500 | ||
|---|---|---|---|
| 005 | 20250410102052.0 | ||
| 008 | 231217s9999 xx 000 0 und d | ||
| 020 | _a9788131721018 | ||
| 082 | _a001.6425 AHO;81 | ||
| 100 | _aAho, Alfred V. Lam, Monica S. Sethi, Ravi ...[et al.] | ||
| 245 | 0 | _aCompilers : principles, techniques and tools | |
| 250 | _a2nd ed. | ||
| 260 |
_c2007 _bPearson _aNew Delhi |
||
| 300 | _axxiv, 1009 | ||
| 942 | _cAA | ||
| 999 |
_c198484 _d198484 |
||